[Event "HUN-ch U10/14"]
[Site "Buek"]
[Date "2023.06.24"]
[Round "8"]
[White "Varga, Boldizsar"]
[Black "Kovacs, Kristof"]
[Result "1/2-1/2"]
[WhiteElo "1992"]
[BlackElo "2013"]
[PlyCount "124"]
[EventDate "2023.06.17"]
[EventType "swiss"]
[EventRounds "9"]
[EventCountry "HUN"]
[SourceTitle "CBM 215 Extra"]
[Source "ChessBase"]
[SourceDate "2023.09.30"]
[SourceVersion "1"]
[SourceVersionDate "2023.09.30"]
[SourceQuality "1"]

1. d4 d5 2. Bf4 Nf6 3. e3 e6 4. Nd2 Bd6 5. Bg3 Qe7 6. Ngf3 Nbd7 7. Ne5 0-0 8. Bd3 c5 9. c3 Re8 10. 0-0 b6 11. a4 a6 12. f4 Bb7 13. Bh4 Nf8 14. g4 Ng6 15. Bg5 Qc7 16. h4 Ne4 17. Bxe4 dxe4 18. h5 Ne7 19. Bxe7 Qxe7 20. Rf2 f6 21. Nec4 Bc7 22. Qb1 cxd4 23. cxd4 e5 24. dxe5 fxe5 25. Nxe5 Bxe5 26. Qa2+ Kh8 27. fxe5 Qxe5 28. Rf4 Bd5 29. Qa3 Rac8 30. Raf1 h6 31. R1f2 Kh7 32. Kg2 Rc2 33. Rf5 Qe6 34. Qb4 Rd8 35. Nf1 Rxf2+ 36. Kxf2 a5 37. Qd4 Rd7 38. Qe5 Qxe5 39. Rxe5 Bc4 40. Rxe4 Rf7+ 41. Rf4 Rxf4+ 42. exf4 Bb3 43. Nd2 Bxa4 44. Nc4 Bd1 45. Kg3 g6 46. hxg6+ Kxg6 47. Nxb6 a4 48. Nc4 Bb3 49. Ne5+ Kf6 50. Nc6 Kg6 51. f5+ Kf6 52. Kf4 Bc2 53. Nd4 Bd1 54. Ne6 Be2 55. Nc5 Bb5 56. Ne4+ Kg7 57. Ke5 Be2 58. f6+ Kf7 59. g5 hxg5 60. Nxg5+ Kf8 61. f7 Ke7 62. Kd4 Bd1 1/2-1/2

[Event "HUN-ch U10/14"]
[Site "Buek"]
[Date "2023.06.22"]
[Round "6"]
[White "Toth, Barnabas1111"]
[Black "Kovacs, Kristof"]
[Result "0-1"]
[WhiteElo "2057"]
[BlackElo "2013"]
[PlyCount "72"]
[EventDate "2023.06.17"]
[EventType "swiss"]
[EventRounds "9"]
[EventCountry "HUN"]
[SourceTitle "CBM 215 Extra"]
[Source "ChessBase"]
[SourceDate "2023.09.30"]
[SourceVersion "1"]
[SourceVersionDate "2023.09.30"]
[SourceQuality "1"]

1. d4 d5 2. Nf3 Nf6 3. g3 e6 4. Bg2 Be7 5. 0-0 0-0 6. c4 b6 7. Nc3 Bb7 8. cxd5 exd5 9. Qa4 c5 10. Rd1 Nc6 11. e3 Qc7 12. dxc5 Bxc5 13. a3 Rad8 14. b4 Be7 15. Bb2 Rfe8 16. Rac1 Qb8 17. Qb3 Bf8 18. Ne2 Ne4 19. Nf4 Qa8 20. h4 Ne7 21. Ne5 Nc6 22. Rxc6 Rxe5 23. Rxb6 Re7 24. Rb5 Red7 25. Bh3 Rd6 26. Be5 Rc6 27. Nxd5 Ba6 28. Ra5 Be2 29. Re1 Bc4 30. Qb1 Nd2 31. Qd1 Nb3 32. Qg4 Bxd5 33. Bd4 Nxa5 34. bxa5 Be6 35. Qg5 Bxh3 36. Bxa7 Rg6 0-1

[Event "EU-ch Amateur Online 1400/1700"]
[Site "Tornelo INT"]
[Date "2021.04.17"]
[Round "4"]
[White "Kovacs, Kristof"]
[Black "Alexandri, Dimitra"]
[Result "1-0"]
[WhiteElo "1600"]
[BlackElo "1252"]
[PlyCount "69"]
[EventDate "2021.04.17"]
[EventType "swiss (rapid)"]
[EventRounds "8"]
[EventCountry "NET"]
[SourceTitle "EXT 2023"]
[Source "ChessBase"]
[SourceDate "2022.10.05"]
[SourceVersion "1"]
[SourceVersionDate "2022.10.05"]
[SourceQuality "1"]

1. e4 e5 2. Nf3 Nc6 3. Bc4 Nf6 4. d3 Bc5 5. Nc3 h6 6. Be3 Bxe3 7. fxe3 d6 8. 0-0 0-0 9. d4 Ng4 10. Qe2 a6 11. Rad1 Bd7 12. h3 Nf6 13. a3 b5 14. Ba2 Qc8 15. Nh4 Qd8 16. Nf5 Bxf5 17. exf5 exd4 18. exd4 Qd7 19. Qf3 Rae8 20. Nd5 Nxd5 21. Bxd5 Ne7 22. Be4 d5 23. Bd3 Nc6 24. c3 Na5 25. f6 g6 26. Qf4 Kh7 27. Rde1 Nc4 28. b3 Nd6 29. Re5 c6 30. Qh4 Rh8 31. Rh5 Kg8 32. Rxh6 Rxh6 33. Qxh6 Nf5 34. Bxf5 gxf5 35. Qg7# 1-0

[Event "HUN-chT U18 2nd"]
[Site "Zalakaros"]
[Date "2018.07.28"]
[Round "5.30"]
[White "Kovacs, Kristof"]
[Black "Gulacsi, Donat Ferenc"]
[Result "0-1"]
[WhiteElo "1351"]
[BlackElo "1610"]
[PlyCount "72"]
[EventDate "2018.07.26"]
[EventType "team-swiss"]
[EventRounds "7"]
[EventCountry "HUN"]
[SourceTitle "EXT 2019"]
[Source "ChessBase"]
[SourceDate "2018.10.10"]
[SourceVersion "1"]
[SourceVersionDate "2018.10.10"]
[SourceQuality "1"]

1. e4 c6 2. d4 d5 3. Nc3 dxe4 4. Nxe4 Nf6 5. Nxf6+ exf6 6. c3 Bd6 7. Nf3 0-0 8. Be2 Re8 9. 0-0 Nd7 10. Re1 Nf8 11. Be3 Ng6 12. Qd2 Bf5 13. h3 Qd7 14. Bf1 Be4 15. Be2 Qf5 16. Rac1 Nf4 17. Qd1 Nxh3+ 18. Kf1 Nf4 19. Bc4 Nxg2 20. Ng1 Nxe1 21. Kxe1 Bf4 22. Qd2 Bxe3 23. fxe3 Bd5 24. Bd3 Qg5 25. Ke2 Qg2+ 26. Kd1 Qxg1+ 27. Kc2 Qg2 28. Qxg2 Bxg2 29. e4 Bxe4 30. Bxe4 Rxe4 31. Kd3 Rae8 32. Kc4 Re1 33. Rxe1 Rxe1 34. b4 h5 35. a4 h4 36. b5 cxb5+ 0-1